Informačný systém na riešenie optimalizačných úloh diplomová práca

Uložené v:
Podrobná bibliografia
Hlavný autor: Bardík, Branislav
Korporativný autor: Fakulta hospodárskej informatiky EU. Katedra aplikovanej informatiky
Ďalší autori: Kultan, Jaroslav, 1960-
Médium: Kniha
Jazyk:Slovak
Vydavateľské údaje: Bratislava 2022
Tagy: Pridať tag
Žiadne tagy, Buďte prvý, kto otaguje tento záznam!

MARC

LEADER 00000nbm a2200000 4500
001 0286010
005 20221214134619.9
041 0 |a slo 
044 |a SK 
245 1 0 |a Informačný systém na riešenie optimalizačných úloh  |b diplomová práca  |c Branislav Bardík ; školiteľ: Jaroslav Kultan 
264 1 |a Bratislava  |c 2022 
300 |a 77 s. 
100 1 |a Bardík, Branislav 
700 1 |a Kultan, Jaroslav, 1960- 
710 2 |a Fakulta hospodárskej informatiky EU. Katedra aplikovanej informatiky